00363nam a2200145Ia 4500008004100000041000800041082001600049100001200065245003200077260002000109300001200129650002300141650002500164700002800189210719s2006 xx 000 0 und d aeng a820.43 SRIE aSRIHARI aEpic characters of Ramayana aBangalorec2006 a480bHB aEnglish Literature aIndian English Prose aMudambadithaya (G S) Tr